[Event "DEM U12 2021"]
[Site "Willingen GER"]
[Date "2021.08.28"]
[Round "8"]
[White "Helms, Finn"]
[Black "Sommer, Justus"]
[Result "1/2-1/2"]
[Termination "normal"]
[Board "5"]
[WhiteElo "1972"]
[BlackElo "1790"]
[WhiteClock "00:29:11"]
[BlackClock "00:44:25"]
[PlyCount "83"]
[WhiteFideId "16249143"]
[BlackFideId "16245008"]
[EventCountry "GER"]
[EventRounds "9"]
[EventType "swiss"]
[EventDate "2021.08.22"]

1. e4 {[%clk 01:30:52]} {[%emt 00:00:07]} e5 {[%clk 01:30:38]} {[%emt
00:00:21]} 2. Nf3 {[%clk 01:31:17]} {[%emt 00:00:05]} Nc6 {[%clk 01:30:55]}
{[%emt 00:00:12]} 3. Bc4 {[%clk 01:31:45]} {[%emt 00:00:04]} Nf6 {[%clk
01:31:02]} {[%emt 00:00:22]} 4. d3 {[%clk 01:32:07]} {[%emt 00:00:08]} Bc5
{[%clk 01:31:22]} {[%emt 00:00:09]} 5. c3 {[%clk 01:32:34]} {[%emt 00:00:05]}
O-O {[%clk 01:31:34]} {[%emt 00:00:17]} 6. O-O {[%clk 01:32:50]} {[%emt
00:00:14]} d5 {[%clk 01:31:20]} {[%emt 00:00:44]} 7. exd5 {[%clk 01:33:09]}
{[%emt 00:00:12]} Nxd5 {[%clk 01:31:40]} {[%emt 00:00:09]} 8. h3 {[%clk
01:31:29]} {[%emt 00:02:10]} Kh8 {[%clk 01:27:20]} {[%emt 00:04:50]} 9. b4
{[%clk 01:22:54]} {[%emt 00:09:06]} Be7 {[%clk 01:23:07]} {[%emt 00:04:42]} 10.
Re1 {[%clk 01:13:29]} {[%emt 00:09:55]} f6 {[%clk 01:12:13]} {[%emt 00:11:25]}
11. Bb2 {[%clk 01:03:24]} {[%emt 00:10:35]} Nf4 {[%clk 01:05:14]} {[%emt
00:07:28]} 12. Bc1 {[%clk 00:59:51]} {[%emt 00:04:05]} Ng6 {[%clk 01:02:55]}
{[%emt 00:02:48]} 13. Nbd2 {[%clk 00:58:45]} {[%emt 00:01:36]} b6 {[%clk
00:57:58]} {[%emt 00:05:27]} 14. Ne4 {[%clk 00:55:54]} {[%emt 00:03:20]} h6
{[%clk 00:49:35]} {[%emt 00:08:53]} 15. Ng3 {[%clk 00:51:34]} {[%emt 00:04:50]}
f5 {[%clk 00:49:18]} {[%emt 00:00:47]} 16. a4 {[%clk 00:49:05]} {[%emt
00:03:00]} a6 {[%clk 00:48:12]} {[%emt 00:01:37]} 17. Ra2 {[%clk 00:46:44]}
{[%emt 00:02:51]} Bd6 {[%clk 00:42:53]} {[%emt 00:05:49]} 18. Bd5 {[%clk
00:39:06]} {[%emt 00:08:09]} Bb7 {[%clk 00:40:18]} {[%emt 00:03:04]} 19. Rae2
{[%clk 00:38:38]} {[%emt 00:00:57]} b5 {[%clk 00:36:35]} {[%emt 00:04:14]} 20.
Bb3 {[%clk 00:32:51]} {[%emt 00:06:17]} Nce7 {[%clk 00:33:08]} {[%emt
00:03:55]} 21. Ra2 {[%clk 00:31:49]} {[%emt 00:01:35]} Nd5 {[%clk 00:32:54]}
{[%emt 00:00:44]} 22. Bd2 {[%clk 00:27:41]} {[%emt 00:04:38]} Qd7 {[%clk
00:25:29]} {[%emt 00:07:55]} 23. axb5 {[%clk 00:19:48]} {[%emt 00:08:23]} axb5
{[%clk 00:25:41]} {[%emt 00:00:17]} 24. h4 {[%clk 00:17:18]} {[%emt 00:03:01]}
Rae8 {[%clk 00:25:02]} {[%emt 00:01:09]} 25. Ra7 {[%clk 00:16:59]} {[%emt
00:00:49]} Qc6 {[%clk 00:22:14]} {[%emt 00:03:16]} 26. h5 {[%clk 00:05:47]}
{[%emt 00:11:43]} Ngf4 {[%clk 00:21:15]} {[%emt 00:01:29]} 27. Bxd5 {[%clk
00:05:42]} {[%emt 00:00:36]} Nxd5 {[%clk 00:21:10]} {[%emt 00:00:34]} 28. Nh4
{[%clk 00:03:08]} {[%emt 00:03:03]} Ne7 {[%clk 00:20:44]} {[%emt 00:00:56]} 29.
Qc1 {[%clk 00:02:42]} {[%emt 00:00:57]} Kh7 {[%clk 00:20:20]} {[%emt 00:00:53]}
30. c4 {[%clk 00:01:50]} {[%emt 00:01:23]} e4 {[%clk 00:19:18]} {[%emt
00:01:31]} 31. dxe4 {[%clk 00:00:40]} {[%emt 00:01:40]} Bxg3 {[%clk 00:19:26]}
{[%emt 00:00:22]} 32. fxg3 {[%clk 00:01:07]} {[%emt 00:00:03]} fxe4 {[%clk
00:19:49]} {[%emt 00:00:09]} 33. cxb5 {[%clk 00:01:02]} {[%emt 00:00:35]} Qxb5
{[%clk 00:19:36]} {[%emt 00:00:43]} 34. Qxc7 {[%clk 00:00:49]} {[%emt
00:00:43]} Bc6 {[%clk 00:18:41]} {[%emt 00:01:24]} 35. Ng6 {[%clk 00:01:03]}
{[%emt 00:00:16]} Qd5 {[%clk 00:17:29]} {[%emt 00:01:41]} 36. Be3 {[%clk
00:00:31]} {[%emt 00:01:04]} Rf7 {[%clk 00:17:18]} {[%emt 00:00:39]} 37. Ne5
{[%clk 00:00:45]} {[%emt 00:00:16]} Rc8 {[%clk 00:16:35]} {[%emt 00:01:14]} 38.
Nxf7 {[%clk 00:00:41]} {[%emt 00:00:35]} Rxc7 {[%clk 00:16:52]} {[%emt
00:00:13]} 39. Rxc7 {[%clk 00:01:10]} Qxf7 {[%clk 00:17:13]} {[%emt 00:00:09]}
40. Bc5 {[%clk 00:00:50]} {[%emt 00:00:49]} Qxh5 {[%clk 00:15:32]} {[%emt
00:02:11]} 41. Rxe7 {[%clk 00:29:11]} {[%emt 00:02:10]} Qd5 {[%clk 00:44:25]}
{[%emt 00:01:36]} 42. Re3 {[%emt 00:17:49]} 1/2-1/2

[Event "DEM U12 2021"]
[Site "Willingen GER"]
[Date "2021.08.28"]
[Round "8"]
[White "Huber, Benedikt"]
[Black "Kuhlmann, Nils Magnus"]
[Result "1-0"]
[Termination "normal"]
[Board "6"]
[WhiteElo "1613"]
[BlackElo "1224"]
[WhiteClock "01:01:25"]
[BlackClock "00:03:07"]
[PlyCount "91"]
[WhiteFideId "16281225"]
[BlackFideId "16287177"]
[EventCountry "GER"]
[EventRounds "9"]
[EventType "swiss"]
[EventDate "2021.08.22"]

1. e4 {[%clk 01:01:25]} e5 {[%clk 00:03:07]} 2. Nf3 {[%clk 01:01:25]} Nc6
{[%clk 00:03:07]} 3. d4 {[%clk 01:01:25]} exd4 {[%clk 00:03:07]} 4. Nxd4 {[%clk
01:01:25]} Bc5 {[%clk 00:03:07]} 5. Be3 {[%clk 01:01:25]} Qf6 {[%clk 00:03:07]}
6. c3 {[%clk 01:01:25]} Nge7 {[%clk 00:03:07]} 7. Bc4 {[%clk 01:01:25]} O-O
{[%clk 00:03:07]} 8. O-O {[%clk 01:01:25]} b6 {[%clk 00:03:07]} 9. b4 {[%clk
01:01:25]} Bxd4 {[%clk 00:03:07]} 10. Bxd4 {[%clk 01:01:25]} Nxd4 {[%clk
00:03:07]} 11. cxd4 {[%clk 01:01:25]} Bb7 {[%clk 00:03:07]} 12. f3 {[%clk
01:01:25]} Nc6 {[%clk 00:03:07]} 13. Bd5 {[%clk 01:01:25]} Rab8 {[%clk
00:03:07]} 14. Bxc6 {[%clk 01:01:25]} Qxc6 {[%clk 00:03:07]} 15. Qd3 {[%clk
01:01:25]} d5 {[%clk 00:03:07]} 16. b5 {[%clk 01:01:25]} Qg6 {[%clk 00:03:07]}
17. Nc3 {[%clk 01:01:25]} Rfe8 {[%clk 00:03:07]} 18. Rfe1 {[%clk 01:01:25]}
dxe4 {[%clk 00:03:07]} 19. Nxe4 {[%clk 01:01:25]} Rbd8 {[%clk 00:03:07]} 20.
Rac1 {[%clk 01:01:25]} c5 {[%clk 00:03:07]} 21. bxc6 {[%clk 01:01:25]} Bxc6
{[%clk 00:03:07]} 22. Qc2 {[%clk 01:01:25]} Bxe4 {[%clk 00:03:07]} 23. Rxe4
{[%clk 01:01:25]} Rxe4 {[%clk 00:03:07]} 24. fxe4 {[%clk 01:01:25]} Qg5 {[%clk
00:03:07]} 25. Rd1 {[%clk 01:01:25]} h6 {[%clk 00:03:07]} 26. Kh1 {[%clk
01:01:25]} Qe3 {[%clk 00:03:07]} 27. Qd3 {[%clk 01:01:25]} Qf2 {[%clk
00:03:07]} 28. a3 {[%clk 01:01:25]} Qb2 {[%clk 00:03:07]} 29. h3 {[%clk
01:01:25]} Rc8 {[%clk 00:03:07]} 30. a4 {[%clk 01:01:25]} Rc2 {[%clk 00:03:07]}
31. Qg3 {[%clk 01:01:25]} Kh7 {[%clk 00:03:07]} 32. d5 {[%clk 01:01:25]} Rd2
{[%clk 00:03:07]} 33. Qf3 {[%clk 01:01:25]} Rf2 {[%clk 00:03:07]} 34. Qg4
{[%clk 01:01:25]} Rf6 {[%clk 00:03:07]} 35. d6 {[%clk 01:01:25]} Rg6 {[%clk
00:03:07]} 36. Qxg6+ {[%clk 01:01:25]} Kxg6 {[%clk 00:03:07]} 37. d7 {[%clk
01:01:25]} Qb3 {[%clk 00:03:07]} 38. d8=Q {[%clk 01:01:25]} Qxa4 {[%clk
00:03:07]} 39. Qd5 {[%clk 01:01:25]} h5 {[%clk 00:03:07]} 40. Qf5+ {[%clk
01:01:25]} Kh6 {[%clk 00:03:07]} 41. Rd6+ {[%clk 01:01:25]} g6 {[%clk
00:03:07]} 42. Qf4+ {[%clk 01:01:25]} Kg7 {[%clk 00:03:07]} 43. Qf6+ {[%clk
01:01:25]} Kh6 {[%clk 00:03:07]} 44. Qh8+ {[%clk 01:01:25]} Kg5 {[%clk
00:03:07]} 45. Rd5+ {[%clk 01:01:25]} Kh4 {[%clk 00:03:07]} 46. Qf6+ {[%clk
01:01:25]} 1-0

[Event "DEM U12 2021"]
[Site "Willingen GER"]
[Date "2021.08.28"]
[Round "8"]
[White "Fruth, David"]
[Black "Lu, Yunong Elias"]
[Result "1/2-1/2"]
[Termination "normal"]
[Board "7"]
[WhiteElo "1749"]
[BlackElo "1557"]
[WhiteClock "00:49:32"]
[BlackClock "00:07:08"]
[PlyCount "144"]
[WhiteFideId "16257596"]
[BlackFideId "16276426"]
[EventCountry "GER"]
[EventRounds "9"]
[EventType "swiss"]
[EventDate "2021.08.22"]

1. e4 {[%clk 01:30:57]} {[%emt 00:00:03]} c6 {[%clk 01:30:52]} {[%emt
00:00:09]} 2. d4 {[%clk 01:31:24]} {[%emt 00:00:03]} d5 {[%clk 01:30:50]}
{[%emt 00:00:33]} 3. Nc3 {[%clk 01:31:48]} {[%emt 00:00:06]} dxe4 {[%clk
01:30:42]} {[%emt 00:00:36]} 4. Nxe4 {[%clk 01:32:13]} {[%emt 00:00:06]} Nf6
{[%clk 01:30:37]} {[%emt 00:00:34]} 5. Nxf6+ {[%clk 01:32:41]} {[%emt
00:00:03]} exf6 {[%clk 01:30:48]} {[%emt 00:00:18]} 6. c3 {[%clk 01:33:05]}
{[%emt 00:00:08]} Bd6 {[%clk 01:30:19]} {[%emt 00:00:59]} 7. Bd3 {[%clk
01:33:33]} {[%emt 00:00:02]} O-O {[%clk 01:30:23]} {[%emt 00:00:25]} 8. Qc2
{[%clk 01:34:01]} {[%emt 00:00:03]} h6 {[%clk 01:29:56]} {[%emt 00:00:56]} 9.
Ne2 {[%clk 01:34:24]} {[%emt 00:00:07]} Re8 {[%clk 01:29:25]} {[%emt 00:01:00]}
10. O-O {[%clk 01:34:51]} {[%emt 00:00:04]} Nd7 {[%clk 01:28:09]} {[%emt
00:01:46]} 11. Bf4 {[%clk 01:34:11]} {[%emt 00:01:10]} Nf8 {[%clk 01:25:50]}
{[%emt 00:02:50]} 12. Bxd6 {[%clk 01:34:14]} {[%emt 00:00:27]} Qxd6 {[%clk
01:25:49]} {[%emt 00:00:31]} 13. Rad1 {[%clk 01:33:21]} {[%emt 00:01:22]} Bg4
{[%clk 01:22:40]} {[%emt 00:03:39]} 14. c4 {[%clk 01:32:40]} {[%emt 00:01:06]}
Bh5 {[%clk 01:20:14]} {[%emt 00:03:01]} 15. Rd2 {[%clk 01:32:01]} {[%emt
00:01:09]} Bg6 {[%clk 01:18:00]} {[%emt 00:02:44]} 16. Nc3 {[%clk 01:31:16]}
{[%emt 00:01:15]} Rad8 {[%clk 01:11:03]} {[%emt 00:07:27]} 17. d5 {[%clk
01:30:29]} {[%emt 00:01:18]} cxd5 {[%clk 01:05:51]} {[%emt 00:05:41]} 18. cxd5
{[%clk 01:26:02]} {[%emt 00:04:57]} a6 {[%clk 01:04:54]} {[%emt 00:01:26]} 19.
f3 {[%clk 01:24:43]} {[%emt 00:01:50]} Bxd3 {[%clk 01:02:03]} {[%emt 00:03:22]}
20. Rxd3 {[%clk 01:24:17]} {[%emt 00:00:55]} Ng6 {[%clk 01:00:49]} {[%emt
00:01:43]} 21. Kh1 {[%clk 01:23:00]} {[%emt 00:01:48]} Ne5 {[%clk 00:58:49]}
{[%emt 00:02:30]} 22. Rd2 {[%clk 01:20:21]} {[%emt 00:03:08]} Nc4 {[%clk
00:57:55]} {[%emt 00:01:25]} 23. Ne4 {[%clk 01:20:23]} {[%emt 00:00:27]} Rxe4
{[%clk 00:56:55]} {[%emt 00:01:30]} 24. fxe4 {[%clk 01:20:48]} {[%emt
00:00:06]} Ne3 {[%clk 00:56:02]} {[%emt 00:01:23]} 25. Qd3 {[%clk 01:21:08]}
{[%emt 00:00:10]} Nxf1 {[%clk 00:56:25]} {[%emt 00:00:06]} 26. Qxf1 {[%clk
01:21:36]} {[%emt 00:00:02]} Rc8 {[%clk 00:55:05]} {[%emt 00:01:51]} 27. Qd1
{[%clk 01:20:40]} {[%emt 00:01:24]} g6 {[%clk 00:54:16]} {[%emt 00:01:21]} 28.
Rc2 {[%clk 01:20:23]} {[%emt 00:00:47]} Re8 {[%clk 00:54:02]} {[%emt 00:00:43]}
29. Rc4 {[%clk 01:18:56]} {[%emt 00:01:58]} Kg7 {[%clk 00:53:12]} {[%emt
00:01:20]} 30. g3 {[%clk 01:15:39]} {[%emt 00:03:47]} Re5 {[%clk 00:50:04]}
{[%emt 00:03:38]} 31. Qb3 {[%clk 01:15:10]} {[%emt 00:00:59]} Qd7 {[%clk
00:48:11]} {[%emt 00:02:23]} 32. Kg2 {[%clk 01:13:13]} {[%emt 00:02:27]} Rh5
{[%clk 00:41:33]} {[%emt 00:07:08]} 33. h4 {[%clk 01:13:29]} {[%emt 00:00:15]}
Qg4 {[%clk 00:34:25]} {[%emt 00:07:38]} 34. Qf3 {[%clk 01:13:39]} {[%emt
00:00:19]} Qd7 {[%clk 00:33:19]} {[%emt 00:01:37]} 35. Rd4 {[%clk 01:07:12]}
{[%emt 00:06:56]} Qd6 {[%clk 00:25:33]} {[%emt 00:08:16]} 36. Qc3 {[%clk
01:06:10]} {[%emt 00:01:32]} Re5 {[%clk 00:23:50]} {[%emt 00:02:13]} 37. Qb4
{[%clk 01:06:09]} {[%emt 00:00:31]} Qxb4 {[%clk 00:19:19]} {[%emt 00:05:01]}
38. Rxb4 {[%clk 01:06:36]} {[%emt 00:00:03]} Re7 {[%clk 00:17:32]} {[%emt
00:02:17]} 39. Rd4 {[%clk 01:06:41]} {[%emt 00:00:25]} Rd7 {[%clk 00:17:46]}
{[%emt 00:00:16]} 40. Kf2 {[%clk 01:07:03]} {[%emt 00:00:08]} Kf8 {[%clk
00:17:45]} {[%emt 00:00:32]} 41. Ke3 {[%clk 01:07:01]} {[%emt 00:00:31]} Ke7
{[%clk 00:16:16]} {[%emt 00:01:59]} 42. Kd3 {[%clk 01:07:19]} {[%emt 00:00:11]}
Kd6 {[%clk 00:16:23]} {[%emt 00:00:24]} 43. Kc4 {[%clk 01:07:41]} {[%emt
00:00:08]} Rc7+ {[%clk 00:14:49]} {[%emt 00:02:04]} 44. Kb3 {[%clk 01:06:24]}
{[%emt 00:01:48]} Rc1 {[%clk 00:13:58]} {[%emt 00:01:21]} 45. Rb4 {[%clk
01:04:58]} {[%emt 00:01:56]} b5 {[%clk 00:13:57]} {[%emt 00:00:30]} 46. a4
{[%clk 01:04:53]} {[%emt 00:00:35]} Re1 {[%clk 00:13:29]} {[%emt 00:00:59]} 47.
axb5 {[%clk 01:05:05]} {[%emt 00:00:17]} axb5 {[%clk 00:13:44]} {[%emt
00:00:15]} 48. Kc2 {[%clk 01:04:45]} {[%emt 00:00:50]} Kc5 {[%clk 00:13:41]}
{[%emt 00:00:33]} 49. Kd2 {[%clk 01:04:12]} {[%emt 00:01:01]} Rf1 {[%clk
00:12:44]} {[%emt 00:01:28]} 50. Rb3 {[%clk 01:03:56]} {[%emt 00:00:46]} f5
{[%clk 00:08:17]} {[%emt 00:04:58]} 51. Rc3+ {[%clk 01:01:39]} {[%emt
00:02:45]} Kd6 {[%clk 00:08:02]} {[%emt 00:00:47]} 52. Rc6+ {[%clk 01:02:02]}
{[%emt 00:00:07]} Kd7 {[%clk 00:08:07]} {[%emt 00:00:25]} 53. Rf6 {[%clk
01:01:07]} {[%emt 00:01:24]} Ke7 {[%clk 00:07:28]} {[%emt 00:01:09]} 54. e5
{[%clk 00:59:13]} {[%emt 00:02:25]} Rf2+ {[%clk 00:07:28]} {[%emt 00:00:30]}
55. Kc3 {[%clk 00:52:50]} {[%emt 00:06:54]} b4+ {[%clk 00:06:59]} {[%emt
00:00:59]} 56. Kxb4 {[%clk 00:53:00]} {[%emt 00:00:19]} Rxb2+ {[%clk 00:06:53]}
{[%emt 00:00:36]} 57. Kc5 {[%clk 00:53:24]} {[%emt 00:00:06]} Rc2+ {[%clk
00:07:18]} {[%emt 00:00:06]} 58. Kb6 {[%clk 00:53:50]} {[%emt 00:00:04]} Re2
{[%clk 00:07:40]} {[%emt 00:00:08]} 59. d6+ {[%clk 00:52:34]} {[%emt 00:01:45]}
Ke8 {[%clk 00:06:07]} {[%emt 00:02:02]} 60. e6 {[%clk 00:52:16]} {[%emt
00:00:48]} fxe6 {[%clk 00:05:49]} {[%emt 00:00:48]} 61. Rxg6 {[%clk 00:52:20]}
{[%emt 00:00:27]} Kd7 {[%clk 00:05:47]} {[%emt 00:00:32]} 62. Rxh6 {[%clk
00:52:32]} {[%emt 00:00:17]} Kxd6 {[%clk 00:06:07]} {[%emt 00:00:11]} 63. Rh8
{[%clk 00:52:54]} {[%emt 00:00:08]} Rb2+ {[%clk 00:06:19]} {[%emt 00:00:18]}
64. Ka5 {[%clk 00:53:18]} {[%emt 00:00:07]} e5 {[%clk 00:06:29]} {[%emt
00:00:19]} 65. h5 {[%clk 00:52:12]} {[%emt 00:01:35]} Ke6 {[%clk 00:06:38]}
{[%emt 00:00:22]} 66. h6 {[%clk 00:51:16]} {[%emt 00:01:26]} Kf6 {[%clk
00:06:35]} {[%emt 00:00:34]} 67. Rg8 {[%clk 00:51:17]} {[%emt 00:00:29]} Rh2
{[%clk 00:06:52]} {[%emt 00:00:13]} 68. Rf8+ {[%clk 00:51:07]} {[%emt
00:00:38]} Kg6 {[%clk 00:07:07]} {[%emt 00:00:16]} 69. Rg8+ {[%clk 00:49:21]}
{[%emt 00:02:16]} Kh7 {[%clk 00:06:27]} {[%emt 00:01:10]} 70. Rf8 {[%clk
00:49:04]} {[%emt 00:00:46]} Rxh6 {[%clk 00:06:40]} {[%emt 00:00:18]} 71. Rxf5
{[%clk 00:49:29]} {[%emt 00:00:05]} Re6 {[%clk 00:06:46]} {[%emt 00:00:24]} 72.
Kb4 {[%clk 00:49:32]} {[%emt 00:00:27]} Rg6 {[%clk 00:07:08]} {[%emt 00:00:08]}
1/2-1/2

[Event "DEM U12 2021"]
[Site "Willingen GER"]
[Date "2021.08.28"]
[Round "8"]
[White "Burkart, Lloyd Shang"]
[Black "Torosyan, Bagrat"]
[Result "0-1"]
[Termination "normal"]
[Board "8"]
[WhiteElo "1569"]
[BlackElo "1598"]
[WhiteClock "00:05:17"]
[BlackClock "00:26:31"]
[PlyCount "70"]
[WhiteFideId "16239059"]
[BlackFideId "16258134"]
[EventCountry "GER"]
[EventRounds "9"]
[EventType "swiss"]
[EventDate "2021.08.22"]

1. d4 {[%clk 01:30:59]} {[%emt 00:06:57]} Nf6 {[%clk 01:30:55]} {[%emt
00:00:06]} 2. c4 {[%clk 01:31:25]} {[%emt 00:00:04]} g6 {[%clk 01:31:19]}
{[%emt 00:00:05]} 3. Nc3 {[%clk 01:31:19]} {[%emt 00:00:37]} Bg7 {[%clk
01:31:37]} {[%emt 00:00:11]} 4. e4 {[%clk 01:31:12]} {[%emt 00:00:38]} d6
{[%clk 01:32:01]} {[%emt 00:00:06]} 5. f3 {[%clk 01:31:25]} {[%emt 00:00:17]}
O-O {[%clk 01:31:59]} {[%emt 00:00:32]} 6. Be3 {[%clk 01:31:24]} {[%emt
00:00:30]} Nc6 {[%clk 01:32:13]} {[%emt 00:00:16]} 7. Nge2 {[%clk 01:30:27]}
{[%emt 00:01:27]} a6 {[%clk 01:32:36]} {[%emt 00:00:08]} 8. Qd2 {[%clk
01:30:27]} {[%emt 00:00:29]} Na5 {[%clk 01:32:40]} {[%emt 00:00:27]} 9. b3
{[%clk 01:21:19]} {[%emt 00:09:39]} b5 {[%clk 01:31:32]} {[%emt 00:01:38]} 10.
cxb5 {[%clk 01:00:06]} {[%emt 00:21:43]} axb5 {[%clk 01:29:59]} {[%emt
00:02:02]} 11. Nc1 {[%clk 00:59:14]} {[%emt 00:01:22]} b4 {[%clk 01:22:31]}
{[%emt 00:07:58]} 12. Nd1 {[%clk 00:55:22]} {[%emt 00:04:22]} c5 {[%clk
01:15:30]} {[%emt 00:07:31]} 13. Rb1 {[%clk 00:51:57]} {[%emt 00:03:55]} Nd7
{[%clk 01:01:17]} {[%emt 00:14:43]} 14. Bb5 {[%clk 00:40:12]} {[%emt 00:12:14]}
Qb6 {[%clk 00:57:37]} {[%emt 00:04:11]} 15. Bxd7 {[%clk 00:39:49]} {[%emt
00:00:53]} cxd4 {[%clk 00:56:18]} {[%emt 00:01:49]} 16. Bh6 {[%clk 00:33:55]}
{[%emt 00:06:24]} Bxd7 {[%clk 00:54:59]} {[%emt 00:01:49]} 17. Bxg7 {[%clk
00:34:11]} {[%emt 00:00:13]} Kxg7 {[%clk 00:55:23]} {[%emt 00:00:06]} 18. Nb2
{[%clk 00:32:18]} {[%emt 00:02:24]} e5 {[%clk 00:54:01]} {[%emt 00:01:52]} 19.
Ncd3 {[%clk 00:32:27]} {[%emt 00:00:21]} Rab8 {[%clk 00:50:09]} {[%emt
00:04:21]} 20. O-O {[%clk 00:31:26]} {[%emt 00:01:32]} Rfc8 {[%clk 00:49:38]}
{[%emt 00:01:01]} 21. Rfc1 {[%clk 00:29:16]} {[%emt 00:02:40]} Rc3 {[%clk
00:49:07]} {[%emt 00:01:01]} 22. Nd1 {[%clk 00:28:30]} {[%emt 00:01:16]} Nc6
{[%clk 00:37:59]} {[%emt 00:11:37]} 23. N1b2 {[%clk 00:17:54]} {[%emt
00:11:07]} Na5 {[%clk 00:36:59]} {[%emt 00:01:30]} 24. Nd1 {[%clk 00:18:01]}
{[%emt 00:00:23]} Rbc8 {[%clk 00:34:39]} {[%emt 00:02:49]} 25. Nxc3 {[%clk
00:17:35]} {[%emt 00:00:57]} bxc3 {[%clk 00:34:09]} {[%emt 00:01:00]} 26. Qc2
{[%clk 00:16:26]} {[%emt 00:01:39]} Bb5 {[%clk 00:32:52]} {[%emt 00:01:46]} 27.
Kh1 {[%clk 00:10:38]} {[%emt 00:06:18]} Nc6 {[%clk 00:31:47]} {[%emt 00:01:36]}
28. a3 {[%clk 00:10:22]} {[%emt 00:00:47]} Qa6 {[%clk 00:31:23]} {[%emt
00:00:53]} 29. Rd1 {[%clk 00:06:01]} {[%emt 00:04:50]} Bxd3 {[%clk 00:27:51]}
{[%emt 00:04:02]} 30. Qxd3 {[%clk 00:05:53]} {[%emt 00:00:38]} Qxa3 {[%clk
00:28:03]} {[%emt 00:00:19]} 31. Rdc1 {[%clk 00:04:43]} {[%emt 00:01:41]} Nb4
{[%clk 00:27:20]} {[%emt 00:01:12]} 32. Qb5 {[%clk 00:04:46]} {[%emt 00:00:27]}
d3 {[%clk 00:26:50]} {[%emt 00:01:00]} 33. Ra1 {[%clk 00:04:52]} {[%emt
00:00:24]} d2 {[%clk 00:26:37]} {[%emt 00:00:43]} 34. Rg1 {[%clk 00:04:52]}
{[%emt 00:00:30]} Qxa1 {[%clk 00:26:08]} {[%emt 00:00:59]} 35. Rxa1 {[%clk
00:05:17]} {[%emt 00:00:05]} c2 {[%clk 00:26:31]} {[%emt 00:00:06]} 0-1

[Event "DEM U12 2021"]
[Site "Willingen GER"]
[Date "2021.08.28"]
[Round "8"]
[White "Jahnz, Laurin"]
[Black "Engel, Bruno"]
[Result "1-0"]
[Termination "normal"]
[Board "9"]
[WhiteElo "1546"]
[BlackElo "1660"]
[WhiteClock "01:13:46"]
[BlackClock "01:24:49"]
[PlyCount "42"]
[WhiteFideId "16261089"]
[BlackFideId "34609008"]
[EventCountry "GER"]
[EventRounds "9"]
[EventType "swiss"]
[EventDate "2021.08.22"]

1. e4 {[%clk 01:30:56]} {[%emt 00:00:03]} c5 {[%clk 01:30:53]} {[%emt
00:00:07]} 2. Nf3 {[%clk 01:31:20]} {[%emt 00:00:07]} d6 {[%clk 01:31:05]}
{[%emt 00:00:17]} 3. Bb5+ {[%clk 01:31:47]} {[%emt 00:00:04]} Bd7 {[%clk
01:31:16]} {[%emt 00:00:19]} 4. Bxd7+ {[%clk 01:32:12]} {[%emt 00:00:06]} Qxd7
{[%clk 01:31:37]} {[%emt 00:00:07]} 5. O-O {[%clk 01:32:36]} {[%emt 00:00:06]}
Nf6 {[%clk 01:31:52]} {[%emt 00:00:16]} 6. Qe2 {[%clk 01:33:01]} {[%emt
00:00:05]} Nc6 {[%clk 01:31:50]} {[%emt 00:00:32]} 7. Rd1 {[%clk 01:33:26]}
{[%emt 00:00:05]} e5 {[%clk 01:29:43]} {[%emt 00:02:36]} 8. c3 {[%clk
01:32:33]} {[%emt 00:01:24]} Rc8 {[%clk 01:29:08]} {[%emt 00:01:05]} 9. d3
{[%clk 01:31:12]} {[%emt 00:01:50]} Be7 {[%clk 01:29:14]} {[%emt 00:00:25]} 10.
Nbd2 {[%clk 01:31:30]} {[%emt 00:00:12]} a5 {[%clk 01:28:11]} {[%emt 00:01:33]}
11. Nc4 {[%clk 01:27:15]} {[%emt 00:04:45]} b5 {[%clk 01:27:58]} {[%emt
00:00:43]} 12. Nb6 {[%clk 01:27:39]} {[%emt 00:00:07]} Qc7 {[%clk 01:28:17]}
{[%emt 00:00:09]} 13. Nxc8 {[%clk 01:28:03]} {[%emt 00:00:07]} Qxc8 {[%clk
01:28:42]} {[%emt 00:00:05]} 14. d4 {[%clk 01:24:16]} {[%emt 00:04:16]} c4
{[%clk 01:28:10]} {[%emt 00:01:03]} 15. dxe5 {[%clk 01:23:45]} {[%emt
00:01:01]} dxe5 {[%clk 01:28:25]} {[%emt 00:00:15]} 16. Bg5 {[%clk 01:18:41]}
{[%emt 00:05:33]} O-O {[%clk 01:27:24]} {[%emt 00:01:31]} 17. Bxf6 {[%clk
01:18:44]} {[%emt 00:00:28]} Bxf6 {[%clk 01:27:45]} {[%emt 00:00:08]} 18. Rd5
{[%clk 01:18:28]} {[%emt 00:00:46]} Qb7 {[%clk 01:26:11]} {[%emt 00:02:05]} 19.
Rad1 {[%clk 01:17:23]} {[%emt 00:01:34]} Ne7 {[%clk 01:26:01]} {[%emt
00:00:41]} 20. Rd7 {[%clk 01:17:07]} {[%emt 00:00:46]} Qc8 {[%clk 01:25:20]}
{[%emt 00:01:11]} 21. Nxe5 {[%clk 01:13:46]} {[%emt 00:03:51]} Bxe5 {[%clk
01:24:49]} {[%emt 00:01:01]} 1-0